| 000 | 00445nam a2200181Ia 4500 | ||
|---|---|---|---|
| 001 | 1676 | ||
| 005 | 20260306143745.0 | ||
| 008 | 260306t2010||||xx |||||||||||||| ||spa|| | ||
| 041 | _aESP | ||
| 082 |
_a153.93 _bS718 V. 1 |
||
| 100 |
_aSattler, Jerome M. _eAUT |
||
| 245 | 0 |
_aEvaluación infantil: _bfundamentos cognitivos |
|
| 260 | _c2010 | ||
| 300 |
_a795 pƔginas : _c27 cm. |
||
| 650 | _aGEN | ||
| 654 | _aCPS | ||
| 942 |
_cLIB _dJUS _fJUS _2ddc _n |
||
| 999 |
_c1676 _d1676 |
||